Movies Quiz

Random Movies or Pixar Quiz

Follow That Line: Toy Story Quiz Stats

 Plays Quiz Updated Feb 2, 2019

Challenge
Share
Tweet
Embed
Score 0/22 Timer 05:00
33 Plays Today
% Correct
And Beyond!
94.1%
That was falling with style!
90.4%
We're not aiming for the truck!
89.7%
Rockets explo--
89.4%
And I'm from Mattel.
88.9%
My eyeballs could have been sucked from their sockets!
87.1%
Yes. They're Andy's toys.
85.3%
Everyone else was picked.
85.2%
You uncultured swine!
83%
They must have kicked him out early this year.
82.8%
Oh, great, great. And if anyone attacks us we can blink 'em to death.
80.6%
% Correct
I go on to a better place.
80.5%
Where?
79.3%
Oh, what is it? Wow! A puppy!
77.7%
Yeah -- when you're sixteen.
74.8%
I just don't think I can take that kind of rejection!
72.9%
COOL!
65.7%
Hey, I can dream, can't I?
65.4%
I'm not supposed to be babysitting Princess Drool.
65%
Not today!
64%
Who invited THAT kid?
62.3%
Oh, I'm so glad you're not a dinosaur!
62.1%

You're not logged in!

Compare scores with friends on all Sporcle quizzes.
OR
Log In

You Might Also Like...

Show Comments

Extras

Top Quizzes Today


Score Distribution

Your Account Isn't Verified!

In order to create a playlist on Sporcle, you need to verify the email address you used during registration. Go to your Sporcle Settings to finish the process.

Report this User

Report this user for behavior that violates our Community Guidelines.

Details: